Normal view
MARC view
- Wazaif
Entry Topical Term
001 - CONTROL NUMBER
- control field: 118645
003 - CONTROL NUMBER IDENTIFIER
- control field: NUST
005 - DATE AND TIME OF LATEST TRANSACTION
- control field: 20231124163105.0
008 - FIXED-LENGTH DATA ELEMENTS
- fixed length control field: 231124|| aca||aabn | a|a d
040 ## - CATALOGING SOURCE
- Original cataloging agency: NUST
- Transcribing agency: NUST
150 ## - HEADING--TOPICAL TERM
- Topical term or geographic name entry element: Wazaif
670 ## - SOURCE DATA FOUND
- Source citation: Work cat.: (NUST): Mufti Muhammad Zaman Saeedi Rizvi 118634, Kitab ush shifa/, -
